000
00333nam a22001457a 4500
008
230703b ||||| |||| 00| 0 eng d
020
_a
9781617319150
041
_a
eng
080
_2
NINTH EDITION
_a
611
082
_a
611MOR
100
_a
10
101
_a
ANATOMI
245
_a
ANATOMY & PHYSIOLOGY
_c
MORTON. A.D
942
_2
udc
_c
BK
999
_c
60084
_d
60084